Atlas histórico multimedia (Record no. 86310)

MARC details
000 -LEADER
campo de control de longitud fija 01017nam a2200193 i 4500
001 - NÚMERO DE CONTROL
campo de control 86310
003 - IDENTIFICADOR DE NÚMERO DE CONTROL
campo de control ES-MaACL
007 - CAMPO FIJO DE DESCRIPCIÓN FÍSICA--INFORMACIÓN GENERAL
campo de control de longitud fija t|
008 - DATOS DE LONGITUD FIJA--INFORMACIÓN GENERAL
campo de control de longitud fija 041223s1999 sp ||||1| spa d
080 ## - NÚMERO DE LA CLASIFICACIÓN DECIMAL UNIVERSAL
Número de la Clasificación Decimal Universal 940.2"15/17"(084.42)
245 00 - MENCIÓN DEL TÍTULO
Título Atlas histórico multimedia
Resto del título : . Vol. 4, La Edad Moderna [
Medio Recurso electrónico].
260 ## - PUBLICACIÓN, DISTRIBUCIÓN, ETC.
Lugar de publicación, distribución, etc. [Madrid?] :
Nombre del editor, distribuidor, etc. Mediasat España,
Fecha de publicación, distribución, etc. [1999]
300 ## - DESCRIPCIÓN FÍSICA
Extensión 1 disco compacto (CD-ROM) ;
Dimensiones 12 cm.
500 ## - NOTA GENERAL
Nota general Requisitos del sistema: Pentium, 32 Mb de RAM, Windows 3.1/Windows 95, Lector de CD-ROM 4x, Gráficos 800x600-65.000 colores, Tarjeta de sonido.
505 8# - NOTA DE CONTENIDO CON FORMATO
Nota de contenido con formato Contiene: El Emperador Carlos V - Reforma y Contrarreforma - Los turcos atacan Europa - La Edad del Absolutismo - Japón en la Edad Moderna - La formación de los Estados Unidos y de América Latina - El siglo XVIII en Europa - La Revolución Francesa y el Imperio de Napoleón - Australia y Nueva Zelanda
650 14 - PUNTO DE ACCESO ADICIONAL DE MATERIA--TÉRMINO DE MATERIA
Término de materia o nombre geográfico como elemento de entrada Historia moderna-
Subdivisión general Atlas-
Subdivisión de forma CD-ROM
9 (RLIN) 13422
852 ## - LOCALIZACIÓN
Ubicación ES-MaACL
Número de control de estantería ROT 1/4/4
Holdings
Estatus retirado Estado de pérdida Estado de daño No para préstamo Biblioteca de origen Biblioteca actual Ubicación en estantería Fecha de adquisición Fuente de adquisición Total de préstamos Signatura topográfica completa Código de barras Visto por última vez Precio de reemplazo Tipo de ítem Koha
        Biblioteca del Ateneo de Madrid Biblioteca del Ateneo de Madrid Depósito 17/01/2008     ROT 1/4/4 1090179 23/02/2023 23/02/2023 Archivo de ordenador en CD-ROM, CD o disquete